<?xml version="1.0" encoding="UTF-8"?>
<record
    xmlns:xsi="http://www.w3.org/2001/XMLSchema-instance"
    xsi:schemaLocation="http://www.loc.gov/MARC21/slim http://www.loc.gov/standards/marcxml/schema/MARC21slim.xsd"
    xmlns="http://www.loc.gov/MARC21/slim">

  <leader>00657nam a22001337a 4500</leader>
  <datafield tag="040" ind1=" " ind2=" ">
    <subfield code="c">RUA</subfield>
  </datafield>
  <datafield tag="082" ind1=" " ind2=" ">
    <subfield code="a">AGR NHO 2009 B039 Or.1</subfield>
  </datafield>
  <datafield tag="100" ind1=" " ind2=" ">
    <subfield code="a">NHOR CHANSINETH</subfield>
  </datafield>
  <datafield tag="245" ind1=" " ind2=" ">
    <subfield code="a">effect of different fertilizer on rice  yield of ir 66 variety in sang district, kandal province(&#x17A5;&#x1791;&#x17D2;&#x1792;&#x17B7;&#x1796;&#x179B;&#x1795;&#x17D2;&#x179F;&#x17C1;&#x1784;&#x1782;&#x17D2;&#x1793;&#x17B6;&#x1791;&#x17C5;&#x179B;&#x17BE;&#x1791;&#x17B7;&#x1793;&#x17D2;&#x1793;&#x1795;&#x179B;&#x1796;&#x17BC;&#x1787;&#x179F;&#x17D2;&#x179A;&#x17BC;&#x179C; &#x17A2;&#x17CA;&#x17B8;&#x17A2;&#x17CA;&#x17C2;&#x200B; &#x17E6;&#x17E6; &#x1793;&#x17C5;&#x179F;&#x17D2;&#x179A;&#x17BB;&#x1780;&#x179F;&#x17D2;&#x17A2;&#x17B6;&#x1784; &#x1781;&#x17C1;&#x178F;&#x17D2;&#x178F;&#x1780;&#x178E;&#x17D2;&#x178A;&#x17B6;&#x179B;) </subfield>
  </datafield>
  <datafield tag="260" ind1=" " ind2=" ">
    <subfield code="a">Phnom Penh</subfield>
    <subfield code="b">RUA</subfield>
    <subfield code="c">2009</subfield>
  </datafield>
  <datafield tag="300" ind1=" " ind2=" ">
    <subfield code="a">x, 53p.</subfield>
    <subfield code="b">ill.</subfield>
    <subfield code="c">29cm.</subfield>
  </datafield>
  <datafield tag="856" ind1=" " ind2=" ">
    <subfield code="u">https://drive.google.com/file/d/1yjMB8CoMmpIEPRj9-7Fp5mqcWEDCb9Xn/view?usp=sharing</subfield>
  </datafield>
  <datafield tag="942" ind1=" " ind2=" ">
    <subfield code="c">AGR</subfield>
  </datafield>
  <datafield tag="999" ind1=" " ind2=" ">
    <subfield code="c">906</subfield>
    <subfield code="d">906</subfield>
  </datafield>
  <datafield tag="952" ind1=" " ind2=" ">
    <subfield code="0">0</subfield>
    <subfield code="1">0</subfield>
    <subfield code="2">ddc</subfield>
    <subfield code="4">0</subfield>
    <subfield code="6">AGR_NHO_2009_000000000000000_B039_OR_1</subfield>
    <subfield code="7">0</subfield>
    <subfield code="9">3685</subfield>
    <subfield code="a">LBB</subfield>
    <subfield code="b">LBB</subfield>
    <subfield code="c">B039</subfield>
    <subfield code="d">2015-09-20</subfield>
    <subfield code="l">1</subfield>
    <subfield code="o">AGR NHO 2009 B039 Or.1</subfield>
    <subfield code="p">RUA000144</subfield>
    <subfield code="r">2022-04-06</subfield>
    <subfield code="s">2022-03-30</subfield>
    <subfield code="w">2015-09-20</subfield>
    <subfield code="y">AGR</subfield>
  </datafield>
  <datafield tag="952" ind1=" " ind2=" ">
    <subfield code="0">0</subfield>
    <subfield code="1">0</subfield>
    <subfield code="2">ddc</subfield>
    <subfield code="4">0</subfield>
    <subfield code="6">AGR_NHO_2009_000000000000000_B039_OR_2</subfield>
    <subfield code="7">0</subfield>
    <subfield code="9">3686</subfield>
    <subfield code="a">LBB</subfield>
    <subfield code="b">LBB</subfield>
    <subfield code="c">B039</subfield>
    <subfield code="d">2015-09-20</subfield>
    <subfield code="l">2</subfield>
    <subfield code="o">AGR NHO 2009 B039 Or.2</subfield>
    <subfield code="p">RUA000072</subfield>
    <subfield code="r">2025-02-04</subfield>
    <subfield code="s">2025-01-14</subfield>
    <subfield code="w">2015-09-20</subfield>
    <subfield code="y">AGR</subfield>
  </datafield>
  <datafield tag="952" ind1=" " ind2=" ">
    <subfield code="0">0</subfield>
    <subfield code="1">0</subfield>
    <subfield code="2">ddc</subfield>
    <subfield code="4">0</subfield>
    <subfield code="6">AGR_NHO_2009_000000000000000_B039_OR_3</subfield>
    <subfield code="7">0</subfield>
    <subfield code="9">3687</subfield>
    <subfield code="a">LBB</subfield>
    <subfield code="b">LBB</subfield>
    <subfield code="c">B039</subfield>
    <subfield code="d">2015-09-20</subfield>
    <subfield code="l">4</subfield>
    <subfield code="o">AGR NHO 2009 B039 Or.3</subfield>
    <subfield code="p">RUA000216</subfield>
    <subfield code="r">2023-12-12</subfield>
    <subfield code="s">2023-11-21</subfield>
    <subfield code="w">2015-09-20</subfield>
    <subfield code="y">AGR</subfield>
  </datafield>
  <datafield tag="952" ind1=" " ind2=" ">
    <subfield code="0">0</subfield>
    <subfield code="1">0</subfield>
    <subfield code="4">0</subfield>
    <subfield code="6">AGR_NHO_2009_000000000000000_B039_OR_4</subfield>
    <subfield code="7">0</subfield>
    <subfield code="9">3688</subfield>
    <subfield code="a">LBB</subfield>
    <subfield code="b">LBB</subfield>
    <subfield code="c">B039</subfield>
    <subfield code="d">2015-09-20</subfield>
    <subfield code="o">AGR NHO 2009 B039 Or.4</subfield>
    <subfield code="p">RUA00170</subfield>
    <subfield code="r">2015-09-20</subfield>
    <subfield code="y">AGR</subfield>
  </datafield>
  <datafield tag="952" ind1=" " ind2=" ">
    <subfield code="0">0</subfield>
    <subfield code="1">0</subfield>
    <subfield code="2">ddc</subfield>
    <subfield code="4">0</subfield>
    <subfield code="6">AGR_NHO_2009_000000000000000_B039_OR_5</subfield>
    <subfield code="7">0</subfield>
    <subfield code="9">3977</subfield>
    <subfield code="a">LBB</subfield>
    <subfield code="b">LBB</subfield>
    <subfield code="c">B039</subfield>
    <subfield code="d">2015-09-21</subfield>
    <subfield code="o">AGR NHO 2009 B039 Or.5</subfield>
    <subfield code="p">RUA000832</subfield>
    <subfield code="r">2015-09-21</subfield>
    <subfield code="w">2015-09-21</subfield>
    <subfield code="y">AGR</subfield>
  </datafield>
  <datafield tag="952" ind1=" " ind2=" ">
    <subfield code="0">0</subfield>
    <subfield code="1">0</subfield>
    <subfield code="2">ddc</subfield>
    <subfield code="4">0</subfield>
    <subfield code="6">AGR_NHO_2009_000000000000000_B039_OR_6</subfield>
    <subfield code="7">0</subfield>
    <subfield code="9">3978</subfield>
    <subfield code="a">LBB</subfield>
    <subfield code="b">LBB</subfield>
    <subfield code="c">B039</subfield>
    <subfield code="d">2015-09-21</subfield>
    <subfield code="l">4</subfield>
    <subfield code="o">AGR NHO 2009 B039 Or.6</subfield>
    <subfield code="p">RUA000760</subfield>
    <subfield code="r">2025-10-31</subfield>
    <subfield code="s">2025-10-14</subfield>
    <subfield code="w">2015-09-21</subfield>
    <subfield code="y">AGR</subfield>
  </datafield>
  <datafield tag="952" ind1=" " ind2=" ">
    <subfield code="0">0</subfield>
    <subfield code="1">0</subfield>
    <subfield code="2">ddc</subfield>
    <subfield code="4">0</subfield>
    <subfield code="6">AGR_NHO_2009_000000000000000_B1_214_OR_1</subfield>
    <subfield code="7">0</subfield>
    <subfield code="9">77742</subfield>
    <subfield code="a">LBB</subfield>
    <subfield code="b">LBB</subfield>
    <subfield code="c">B1.214</subfield>
    <subfield code="d">2019-01-22</subfield>
    <subfield code="o">AGR NHO 2009 B1.214 Or.1</subfield>
    <subfield code="p">A36190</subfield>
    <subfield code="r">2019-01-22</subfield>
    <subfield code="w">2019-01-22</subfield>
    <subfield code="y">AGR</subfield>
  </datafield>
  <datafield tag="952" ind1=" " ind2=" ">
    <subfield code="0">0</subfield>
    <subfield code="1">0</subfield>
    <subfield code="2">ddc</subfield>
    <subfield code="4">0</subfield>
    <subfield code="6">AGR_NHO_2009_000000000000000_B1_214_OR_2</subfield>
    <subfield code="7">0</subfield>
    <subfield code="9">77743</subfield>
    <subfield code="a">LBB</subfield>
    <subfield code="b">LBB</subfield>
    <subfield code="c">B1.214</subfield>
    <subfield code="d">2019-01-22</subfield>
    <subfield code="o">AGR NHO 2009 B1.214 Or.2</subfield>
    <subfield code="p">A36180</subfield>
    <subfield code="r">2019-01-22</subfield>
    <subfield code="w">2019-01-22</subfield>
    <subfield code="y">AGR</subfield>
  </datafield>
  <datafield tag="952" ind1=" " ind2=" ">
    <subfield code="0">0</subfield>
    <subfield code="1">0</subfield>
    <subfield code="4">0</subfield>
    <subfield code="6">AGR_NHO_2009_000000000000000_B039_OR_1</subfield>
    <subfield code="7">0</subfield>
    <subfield code="9">96737</subfield>
    <subfield code="a">LBB</subfield>
    <subfield code="b">LBB</subfield>
    <subfield code="d">2023-12-15</subfield>
    <subfield code="l">1</subfield>
    <subfield code="o">AGR NHO 2009 B039 Or.1</subfield>
    <subfield code="p">rua000130</subfield>
    <subfield code="r">2024-01-23</subfield>
    <subfield code="s">2023-12-15</subfield>
    <subfield code="y">AGR</subfield>
  </datafield>
</record>
